000 00272nam a22001337a 4500
008 170130b xxu||||| |||| 00| 0 eng d
020 _a9780871404121
041 _aeng
080 _a61
100 _a3
101 _aSHMI
245 _aDNA USA
_cSYKES, B
942 _2udc
_cBK
999 _c4004
_d4004